000 00326nam a22001217a 4500
999 _c9945
_d9945
003 OSt
008 201217b ||||| |||| 00| 0 eng d
245 _aValue Based Management (VBM)
250 _a2013(Jun Vol.3 No.1, Dec Vol.3 No.2)
260 _aNew Delhi
_bDiva Enterprises Pvt. Ltd.
650 _aManagement
942 _2ddc
_cBV